LEADER 01188nas a2200253 i 4500 001 000000136292 003 CaOOAMICUS 005 20050322000000.0 008 050322b2003 gw uu u0 0ger r 013 $a109781 040 $aSeMil$bita 245 10$aJahrgang 2003 /$cIm Klaus-Mörsdorf-Studium für Kanonistik der Universität München, herausgegeben von Winfried Aymans, Elmar Güthoff, Stephan Haering ; Geschäftsführender Herausgeber und Schriftleiter Winfried Aymans. 260 $aPaderborn :$bFerdinand Schöningh,$ccopyr. 2003 [stampa 2004] 300 $a693 p. ;$c24 cm. 700 1 $aAymans, Winfried <1936- >.$0(OLS)http://semarc/name/852 700 1 $aHaering, Stephan.$0(OLS)http://semarc/name/55494 700 1 $aGüthoff, Elmar.$0(OLS)http://semarc/name/12539 774 0 $tErstes Halbjahresheft.$w()260628 774 0 $tZweites Halbjahresheft.$w()260629 850 $aSeMil 852 $aSeMil$W1$xVenegono$y1$m162 5 21$j89910$B89910$CSeMilBibl$Z2$F94722 $85 961 $aAbbonamento: Schöningh 996 $6245$aJahrgang 2003$9(OLS)http://semarc/title/199171 996 $6260$aPaderborn :$bFerdinand Schöningh$9(OLS)http://semarc/publisher/31027 LEADER 00726nam a2200193 i 4500 001 000000209198 003 CaOOAMICUS 005 20111209000000.0 008 111209n it u000 u ita u 013 $a187987 040 $aSeMil$bita 245 10$a1 :$bl'età romana e l'alto medioevo. 300 $a479 p. :$bill. 700 1 $aMontanelli, Indro <1909-2001>.$0(OLS)http://semarc/name/6356 773 0 $aMontanelli, Indro <1909-2001>$tStoria d'Italia.$dMilano : Rizzoli, 1979.$g1$w()25972 850 $aSeMil 852 $aSeMil$W1$xVenegono$y1$m3U VI 193$j159650$B159650$CSeMilBibl$Z2$F170705 $81 961 $aOmaggio: Ciprandi dott. Paolo 996 $6245$a1 :$bl'età romana e l'alto medioevo$9(OLS)http://semarc/title/302402